| 000 | 00731nam a2200229 i 4500 | ||
|---|---|---|---|
| 001 | bgj | ||
| 245 | 0 | 0 |
_aRethinking America's Security : _bbeyond Cold War to new world order / _cGraham Allison and Gregory F. Treverton, editors. |
| 260 |
_aNew York : _bW. W. Norton & Company, _cc. 1992. |
||
| 300 |
_a479 pp ; _c22 cm. |
||
| 504 | _aBibliography p. 435-443. | ||
| 505 | _aIncludes index. | ||
| 651 | 9 |
_aUnited States _xNational security |
|
| 651 | 9 |
_aUnited States _xForeign relations _y1989- |
|
| 700 | 1 |
_aALLISON, Graham. _eed. |
|
| 700 | 1 |
_aTREVERTON, Gregory T. _eed. |
|
| 020 | _a0393030598 | ||
| 040 | _cBPK | ||
| 041 | 0 | _aeng | |
| 920 | _a0-393-03059-8 | ||
| 942 | _cKS | ||
| 008 | s uk f |000 0 eng | ||
| 999 |
_c47677 _d47677 |
||